000 00289nam a22001217a 4500
041 _aENG
082 _a324.245
_bVIC
100 _aVictus Solomon
245 _aCultural Nationalism : The Making of an Indian Nation
260 _aSerampore
_bSATHRI
_c2021
650 _aHINDUTVA
942 _cBK
999 _c23313
_d23313